Local regeneration, local expression (Record no. 68252)

MARC details
000 -LEADER
fixed length control field 00820cam a2200229 4500
001 - CONTROL NUMBER
control field ABS64446
008 - FIXED-LENGTH DATA ELEMENTS--GENERAL INFORMATION
fixed length control field 010912n2001 000 0 eng u
035 ## - SYSTEM CONTROL NUMBER
System control number (Sirsi) u114550
100 ## - MAIN ENTRY--PERSONAL NAME
Personal name Collins, K
245 ## - TITLE STATEMENT
Title Local regeneration, local expression
260 ## - PUBLICATION, DISTRIBUTION, ETC.
Date of publication, distribution, etc. 2001
490 ## - SERIES STATEMENT
Series statement Landscape Design
Volume/sequential designation (303) September 2001, 27-29(3)
520 ## - SUMMARY, ETC.
Summary, etc. Regeneration is as relevant to small market towns as it is to inner-cities; article explains the principal design criteria for market town regeneration, with examples of where theory has been put into practice. All projects have been undertaken by Sheils Flynn.
590 ## - LOCAL NOTE (RLIN)
Local note ABS
650 ## - SUBJECT ADDED ENTRY--TOPICAL TERM
Topical term or geographic name entry element MARKET TOWNS
650 ## - SUBJECT ADDED ENTRY--TOPICAL TERM
Topical term or geographic name entry element RURAL REGENERATION
650 ## - SUBJECT ADDED ENTRY--TOPICAL TERM
Topical term or geographic name entry element RURAL ISSUES
650 ## - SUBJECT ADDED ENTRY--TOPICAL TERM
Topical term or geographic name entry element URBAN DESIGN
690 ## - LOCAL SUBJECT ADDED ENTRY--TOPICAL TERM (OCLC, RLIN)
Topical term or geographic name as entry element REGENERATION
700 ## - ADDED ENTRY--PERSONAL NAME
Personal name Sheils, E
942 ## - ADDED ENTRY ELEMENTS (KOHA)
Suppress in OPAC 0
Holdings
Withdrawn status Lost status Source of classification or shelving scheme Damaged status Not for loan Home library Current library Shelving location Date acquired Total Checkouts Full call number Barcode Date last seen Copy number Price effective from Koha item type
    Dewey Decimal Classification     London London Journal article 12/09/2001   ABS64446 114550-1001 06/08/2019 1 06/08/2019 Journal article